00000000cam 2200000zi 4500
0019.937030
003CaOODSP
00520260304141002
006m     o  d f      
007cr |n|||||||||
008240415e198803##qucdab  ob   f|0| 0 fre d
040 |aCaOODSP|bfre|erda|cCaOODSP
043 |an-cn-qu
0861 |aEn154-411/1998F-PDF
24500|aÉvaluation des risques pour l'environnement et la santé humaine, secteur 103 de la zone portuaire de Montréal : |brapport final / |cBEAK international incorporée.
264 1|a[Montréal] : |bEnvironnement Canada, |cmars 1988.
300 |a1 ressource en ligne (1 volume (pagination multiple)) : |bcartes, graphiques, illustrations + |esommaire (4 pages non numérotées)
336 |atexte|btxt|2rdacontent/fre
337 |ainformatique|bc|2rdamedia/fre
338 |aressource en ligne|bcr|2rdacarrier/fre
500 |aÉdition numérisée de l’imprimé [par Environnement et changement climatique Canada].
500 |aPréparé pour Environnement Canada, Métallurgie Noranda - Affinerie CCR, Pétrolière impériale, Port de Montréal, Produits Shell Canada Limitée.
504 |aComprend des références bibliographiques.
650 0|aContaminated sediments|xEnvironmental aspects|zQuébec (Province)|zMontréal.
650 0|aContaminated sediments|xHealth aspects|zQuébec (Province)|zMontréal.
650 6|aSédiments contaminés|xAspect de l'environnement|zQuébec (Province)|zMontréal.
650 6|aSédiments contaminés|xAspect sanitaire|zQuébec (Province)|zMontréal.
7101 |aCanada. |bEnvironnement Canada, |eorganisme de publication.
7102 |aBEAK International inc., |econsultant.
85640|qPDF|s7.34 Mo|uhttps://publications.gc.ca/collections/collection_2024/eccc/en154/En154-411-1998-fra.pdf|zRapport final
85640|qPDF|s2.05 Mo|uhttps://publications.gc.ca/collections/collection_2024/eccc/en154/En154-411-1998-1-fra.pdf|zSommaire